Movies Quiz

Random Movies or Disney Quiz

'Aladdin' Start to Finish Quiz Stats

 Plays Quiz Updated Jul 31, 2017

Support Sporcle.
Go Orange.
Score 0/10 Timer 04:00
0 Plays Today
% Correct
???
100%
???
87.6%
???
59%
???
51.6%
???
50.7%
???
47.9%
???
46.5%
???
40.7%
???
39.9%
???
39.9%

You're not logged in!

Compare scores with friends on all Sporcle quizzes.
OR
Log In
Forgot?

From the Vault

Frequent & Familiar Film Forays

by needapausebutton

If it wasn't for sequels, remakes and re-imaginings we'd have about 4 new movies a year from Hollywood.
Remove Ads.
Support Sporcle.
Get the best of Sporcle when you Go Orange. This ad-free experience offers more features, more stats, and more fun while also helping to support Sporcle. Thank you for becoming a member.

Show Comments

Extras

Top Quizzes Today


Score Distribution

Your Account Isn't Verified!

In order to create a playlist on Sporcle, you need to verify the email address you used during registration. Go to your Sporcle Settings to finish the process.

Report this User

Report this user for behavior that violates our Community Guidelines.

Details: